| 000 | 00590nam a22002177a 4500 | ||
|---|---|---|---|
| 999 |
_c9000 _d9000 |
||
| 001 | 9000 | ||
| 003 | BD-JhCC | ||
| 005 | 20181002173837.0 | ||
| 008 | 180306s1979 ii ||||| |||| 00| 0 eng d | ||
| 035 | _a(BD-JhCC) 9000 | ||
| 040 |
_aBD-JhCC _dBD-JhCC |
||
| 041 | _aeng | ||
| 082 |
_a345.54910 _bBHU 1979 |
||
| 100 | _aBhutto, Zulfikar Ali | ||
| 245 |
_a'' If I am Assassinaled'' / _b Zulfikar Ali Bhutto |
||
| 260 |
_aIndia ; _bVikas Publishing House Pvt Ltd _cBhu 1979 |
||
| 300 |
_a204. p ; _c18 cm |
||
| 650 |
_aPolitis and Goverment _zPakistan |
||
| 942 |
_2ddc _cBK |
||